[Event "Ì17Â"]
[Site "Loo"]
[Date "2017.04.27"]
[Round "8.26"]
[White "Åëèñååâ, Åãîð."]
[Black "×èæî, Àëåêñàíäð."]
[Result "1-0"]
[WhiteElo "1834"]
[BlackElo "1962"]
[PlyCount "141"]
[EventDate "2017.04.20"]

1. d4 c5 2. Nf3 cxd4 3. Nxd4 d5 4. c4 e5 5. Nf3 e4 6. Nfd2 f5 7. cxd5 Nf6 8.
Nc3 Bc5 9. e3 O-O 10. Bc4 Kh8 11. Nb3 Bd6 12. h3 Nbd7 13. Nd4 Ne5 14. Qb3 a6
15. Be2 b5 16. O-O Qe7 17. Rd1 Bd7 18. a3 g5 19. Bd2 g4 20. h4 g3 21. fxg3 Neg4
22. Bxg4 Nxg4 23. Nce2 Rg8 24. Bb4 Ne5 25. Bxd6 Qxd6 26. Rf1 Raf8 27. Rad1 Nd3
28. Qc3 Rg7 29. Nf4 Rc8 30. Nc6 Kg8 31. Nxd3 exd3 32. Rf3 Qxd5 33. Nb4 Qe4 34.
Qxd3 a5 35. Nd5 Qe6 36. Nf4 Qf7 37. Qd5 Bc6 38. Qxf7+ Kxf7 39. Rc1 Rgg8 40. Rf2
Be4 41. Rxc8 Rxc8 42. Ne2 Kg6 43. Nc3 Bd3 44. Rd2 Bc4 45. Nd5 Re8 46. Kf2 Re5
47. Nf4+ Kg7 48. Rd7+ Kh6 49. Nd3 Re6 50. Nc5 Rc6 51. Nb7 a4 52. Rd6+ Rxd6 53.
Nxd6 Bd3 54. Kf3 Kg7 55. g4 fxg4+ 56. Kxg4 Kf6 57. Kf4 Ke6 58. Ne4 Kd5 59. Nd2
Ke6 60. e4 Be2 61. g4 Kd6 62. e5+ Ke6 63. Ne4 Bc4 64. Ng5+ Kd5 65. Nxh7 Kd4 66.
Ng5 Kd3 67. e6 b4 68. e7 Bb5 69. axb4 Kc2 70. h5 Kxb2 71. h6 1-0

[Event "Ì17Â"]
[Site "Loo"]
[Date "2017.04.27"]
[Round "8.27"]
[White "Áîíäàðåíêî, Ìèøåëü."]
[Black "Èâàíîâ, Êèðèëë."]
[Result "1/2-1/2"]
[WhiteElo "1858"]
[BlackElo "1943"]
[PlyCount "87"]
[EventDate "2017.04.20"]

1. d4 Nf6 2. c4 e6 3. Nf3 b6 4. e3 Bb7 5. Nc3 d5 6. cxd5 exd5 7. Bd3 Bd6 8. O-O
O-O 9. Qc2 a6 10. Ne1 Re8 11. f3 c5 12. Qf2 Nc6 13. Nc2 b5 14. e4 Nxd4 15. Nxd4
cxd4 16. Nxd5 Nxd5 17. exd5 Be5 18. Qc2 h6 19. a4 Qxd5 20. Bh7+ Kh8 21. Be4 Qd7
22. axb5 axb5 23. Rxa8 Rxa8 24. Bxb7 Qxb7 25. Re1 Qc7 26. Qxc7 Bxc7 27. Re7 Bb6
28. Kf2 Ra1 29. Bf4 Rb1 30. Kg3 Rxb2 31. Rxf7 Kg8 32. Rb7 Bc5 33. Be5 g5 34.
Rd7 Rb4 35. Kg4 Kf8 36. Kf5 Ra4 37. Rd5 Be7 38. Rxb5 d3 39. Rd5 Ra3 40. h3 Bb4
41. Bd6+ Bxd6 42. Rxd6 Kg7 43. Rd7+ Kf8 44. Ke4 1/2-1/2

[Event "Ì19"]
[Site "Loo"]
[Date "2017.04.27"]
[Round "8.1"]
[White "Åëåöêèé, Èâàí."]
[Black "Ñàâåíêîâ, Êîíñòàíòèí."]
[Result "1-0"]
[WhiteElo "2367"]
[BlackElo "2324"]
[PlyCount "41"]
[EventDate "2017.04.20"]

1. d4 Nf6 2. c4 e6 3. Nf3 b6 4. Bf4 Bb4+ 5. Nbd2 Bb7 6. e3 Ne4 7. Bd3 f5 8. a3
Be7 9. h4 Nxd2 10. Qxd2 O-O 11. O-O-O c5 12. d5 b5 13. dxe6 dxe6 14. Qc2 Qb6
15. Bg5 Bxf3 16. gxf3 Bxg5 17. hxg5 b4 18. Be4 fxe4 19. Qxe4 g6 20. Rh6 e5 21.
Qd5+ 1-0

[Event "Ì19"]
[Site "Loo"]
[Date "2017.04.27"]
[Round "8.2"]
[White "Îôèöåðüÿí, Áîðèñ."]
[Black "Ñìèðíîâ, Òèìîôåé."]
[Result "1-0"]
[WhiteElo "2371"]
[BlackElo "2296"]
[PlyCount "73"]
[EventDate "2017.04.20"]

1. d4 d5 2. c4 c6 3. Nf3 Nf6 4. g3 dxc4 5. Bg2 g6 6. O-O Bg7 7. a4 a5 8. Na3
Be6 9. Ng5 Bd5 10. e4 h6 11. exd5 hxg5 12. dxc6 Nxc6 13. Nxc4 Nxd4 14. Bxg5 Rh5
15. Be3 Nc6 16. Qb3 Qb8 17. Rfe1 Kf8 18. Rad1 Kg8 19. Nb6 Ra6 20. Bf1 Ne5 21.
Bd4 Ra7 22. Nc4 Nxc4 23. Bxc4 e6 24. Bxe6 b6 25. Bxb6 Rb7 26. Bxf7+ Kh7 27. Rd8
Qxd8 28. Bxd8 Rxb3 29. Bxb3 Ng4 30. h3 Ne5 31. Kg2 Nd3 32. Rd1 Nxb2 33. Rd7 Kh8
34. Bb6 Bc3 35. Rc7 Be5 36. Rc5 Nd3 37. Rxa5 1-0

[Event "Ì19"]
[Site "Loo"]
[Date "2017.04.27"]
[Round "8.3"]
[White "Ìóðòàçèí, Áóëàò."]
[Black "Äðûãàëîâ, Ñåðãåé."]
[Result "1/2-1/2"]
[WhiteElo "2406"]
[BlackElo "2419"]
[PlyCount "81"]
[EventDate "2017.04.20"]

1. d4 Nf6 2. c4 e6 3. Nf3 Bb4+ 4. Nbd2 O-O 5. a3 Be7 6. e4 d6 7. Bd3 Nbd7 8.
O-O e5 9. b4 exd4 10. Nxd4 Re8 11. Bb2 Bf8 12. Qb3 a5 13. Bc2 g6 14. Rfe1 axb4
15. axb4 Rxa1 16. Bxa1 c6 17. N4f3 Bg7 18. Nf1 Qc7 19. h3 b6 20. Qb1 Bb7 21.
Nd4 Nh5 22. Ne3 Ne5 23. Ne2 b5 24. Qb3 bxc4 25. Nxc4 d5 26. Ne3 dxe4 27. Bxe4
Ba6 28. Bxe5 Rxe5 29. Bf3 Bb5 30. Nd4 Nf4 31. Nxb5 cxb5 32. Qa3 Re8 33. Rc1 Qd6
34. Rd1 Qf6 35. Ng4 Qg5 36. Kf1 h5 37. Ne3 Rd8 38. Rxd8+ Qxd8 39. Qa8 Qxa8 40.
Bxa8 Bf8 41. Bc6 1/2-1/2

[Event "Ì19"]
[Site "Loo"]
[Date "2017.04.27"]
[Round "8.4"]
[White "Åëèñòðàòîâ, Ñåì¸í."]
[Black "Áûêîâ, Åãîð."]
[Result "1/2-1/2"]
[WhiteElo "2417"]
[BlackElo "2263"]
[PlyCount "98"]
[EventDate "2017.04.20"]

1. Nf3 Nf6 2. g3 d5 3. Bg2 c6 4. c4 Bg4 5. Ne5 Bf5 6. cxd5 cxd5 7. Nc3 Nc6 8.
Qa4 Bd7 9. Nxd7 Qxd7 10. d3 e6 11. O-O a6 12. e4 d4 13. Nb1 e5 14. Nd2 Bd6 15.
Qd1 O-O 16. f4 b5 17. f5 Nb4 18. Nb3 Rfc8 19. Rf2 a5 20. a3 a4 21. axb4 axb3
22. Rxa8 Rxa8 23. Qxb3 Ra4 24. Qd1 Ra1 25. Rc2 Bxb4 26. g4 h6 27. h4 Nh7 28.
Bf1 Be7 29. g5 hxg5 30. h5 Nf6 31. Qe2 Ne8 32. Qg4 f6 33. Qd1 Bf8 34. Be2 Nc7
35. Rd2 Na6 36. h6 gxh6 37. Bh5 Nb4 38. Qb3+ Kg7 39. Rd1 Qc7 40. Bd2 Rxd1+ 41.
Bxd1 Qc5 42. Qe6 Qd6 43. Bxb4 Qxb4 44. Bb3 Qe1+ 45. Kg2 Qe2+ 46. Kg1 Qg4+ 47.
Kf2 Qf4+ 48. Kg2 Qd2+ 49. Kg1 Qe1+ 1/2-1/2

[Event "Ì19"]
[Site "Loo"]
[Date "2017.04.27"]
[Round "8.5"]
[White "Ãàëü÷åíêî, Ìàòâåé."]
[Black "Àôàíàñüåâ, Íèêèòà."]
[Result "0-1"]
[WhiteElo "2346"]
[BlackElo "2349"]
[PlyCount "138"]
[EventDate "2017.04.20"]

1. e4 b6 2. Nc3 Bb7 3. f4 e6 4. Nf3 d5 5. exd5 exd5 6. d4 Nf6 7. Bb5+ c6 8. Bd3
c5 9. Bb5+ Nc6 10. Ne5 Rc8 11. O-O Be7 12. dxc5 Bxc5+ 13. Kh1 O-O 14. Nxc6 Bxc6
15. Bxc6 Rxc6 16. Qf3 Re8 17. Bd2 Ne4 18. Rad1 Bd4 19. Be1 Bxc3 20. Bxc3 Nxc3
21. bxc3 Qf6 22. Qxd5 Rxc3 23. Qd7 Qc6 24. h3 Rxc2 25. Qxc6 Rxc6 26. Rd7 a5 27.
Rf2 h5 28. Rfd2 Re4 29. Rd8+ Kh7 30. R8d4 Rxd4 31. Rxd4 Rc2 32. Rd6 Rb2 33. Kh2
h4 34. a3 f6 35. f5 Rb3 36. Rc6 b5 37. a4 Rb4 38. axb5 Rxb5 39. Rc4 Rb4 40. Rc5
a4 41. Ra5 Kh6 42. Ra7 Rf4 43. Kg1 Kg5 44. Rxg7+ Kxf5 45. Re7 Rb4 46. Kh2 Re4
47. Ra7 Kf4 48. Rh7 Ke3 49. Ra7 f5 50. Ra5 Rf4 51. Rd5 Ke4 52. Rd8 Rf2 53. Rh8
Rf4 54. Rd8 Ke5 55. Ra8 Re4 56. Rd8 Rd4 57. Rf8 Ke4 58. Kg1 a3 59. Re8+ Kf4 60.
Ra8 Rd3 61. Kf2 Rd2+ 62. Kg1 a2 63. Kh2 Ke3 64. Re8+ Kd3 65. Ra8 Kc3 66. Rc8+
Kb2 67. Rb8+ Kc1 68. Rc8+ Rc2 69. Ra8 Kb1 0-1

[Event "Ì19"]
[Site "Loo"]
[Date "2017.04.27"]
[Round "8.6"]
[White "Àñêåðîâ, Ìàðàò."]
[Black "Ðàäæàáîâ, Ðîäèîí."]
[Result "1/2-1/2"]
[WhiteElo "2213"]
[BlackElo "2302"]
[PlyCount "50"]
[EventDate "2017.04.20"]

1. d4 Nf6 2. c4 e6 3. Nf3 Bb4+ 4. Bd2 Qe7 5. g3 Bxd2+ 6. Qxd2 Nc6 7. e3 d5 8.
Qc3 Ne4 9. Qc1 O-O 10. Nc3 Nxc3 11. Qxc3 Rd8 12. Be2 dxc4 13. Bxc4 e5 14. Nxe5
Nxe5 15. dxe5 Bh3 16. Rg1 Bg4 17. e4 Rd7 18. f3 Bxf3 19. Qxf3 Qc5 20. Qf1 Qb4+
21. Kf2 Rd2+ 22. Kf3 Qxb2 23. Re1 Qxe5 24. Re2 Rd4 25. Bb3 c5 {
äàëåå çàïèñü íåðàçáîð~~èâà} 1/2-1/2

[Event "Ì19"]
[Site "Loo"]
[Date "2017.04.27"]
[Round "8.7"]
[White "Õàíèí, Ñåìåí."]
[Black "Òèìåðõàíîâ, Àëåêñàíäð."]
[Result "1-0"]
[WhiteElo "2430"]
[BlackElo "2322"]
[PlyCount "61"]
[EventDate "2017.04.20"]

1. e4 c5 2. Nf3 d6 3. d4 cxd4 4. Nxd4 Nf6 5. Nc3 a6 6. f3 e5 7. Nb3 Be6 8. Be3
Nbd7 9. g4 Be7 10. Qd2 b5 11. g5 b4 12. Ne2 Nh5 13. Ng3 Nxg3 14. hxg3 a5 15. f4
a4 16. f5 axb3 17. fxe6 fxe6 18. cxb3 Ra5 19. Bc4 Nc5 20. g6 Nxe4 21. Qd3 d5
22. Rxh7 Rg8 23. Bb5+ Kf8 24. O-O-O Nf6 25. Rf1 Qd6 26. Ba4 e4 27. Qc2 d4 28.
Qc8+ Qd8 29. Qxe6 Rc5+ 30. Kb1 Qd5 31. Rxf6+ 1-0

[Event "Ì19"]
[Site "Loo"]
[Date "2017.04.27"]
[Round "8.8"]
[White "Ãàëàêòèîíîâ, Àðòåì."]
[Black "Äðûãàëîâ, Àíäðåé."]
[Result "0-1"]
[WhiteElo "2346"]
[BlackElo "2389"]
[PlyCount "86"]
[EventDate "2017.04.20"]

1. d4 d5 2. c4 c6 3. Nf3 Nf6 4. Nc3 dxc4 5. a4 Bf5 6. e3 e6 7. Bxc4 Bb4 8. O-O
O-O 9. Qe2 Bg6 10. Ne5 Nbd7 11. Nxg6 hxg6 12. Rd1 Qa5 13. Bd2 e5 14. d5 Nb6 15.
dxc6 bxc6 16. Bb3 e4 17. Na2 Bxd2 18. Qxd2 Qg5 19. Nb4 c5 20. Nc6 c4 21. Bc2
Rfe8 22. Qd4 Nbd5 23. Qxc4 Rac8 24. Bb3 Nxe3 25. fxe3 Qxe3+ 26. Kh1 Rxc6 27.
Qxf7+ Kh7 28. Rf1 Rec8 29. Rae1 Rc1 30. Bd1 Qd4 31. Qb3 Qd3 32. Qxd3 exd3 33.
Re3 d2 34. Rd3 R8c2 35. Kg1 Rxb2 36. Kf2 Rbb1 37. Ke2 Ne4 38. Re3 Nc3+ 39. Kxd2
Nxd1 40. Ree1 Ne3 41. Rxc1 Nxf1+ 42. Kc2 Rxc1+ 43. Kxc1 Nxh2 0-1

[Event "Ì19"]
[Site "Loo"]
[Date "2017.04.27"]
[Round "8.9"]
[White "Àêìàëîâ, Äàíèèë."]
[Black "Ëèòâèíîâ, Ìàêñèì."]
[Result "0-1"]
[WhiteElo "2286"]
[BlackElo "2384"]
[PlyCount "84"]
[EventDate "2017.04.20"]

1. d4 d5 2. Nc3 Bf5 3. Bf4 e6 4. e3 Bd6 5. Bxd6 Qxd6 6. g4 Bg6 7. h4 h5 8. g5
Ne7 9. Nge2 Nbc6 10. Nf4 O-O-O 11. Nxg6 Nxg6 12. f4 Qb4 13. a3 Qb6 14. Na4 Qa5+
15. c3 b5 16. Nc5 Nge7 17. b4 Qb6 18. a4 bxa4 19. Rxa4 Nb8 20. Ba6+ Nxa6 21.
Rxa6 Qb5 22. Rxa7 Nc6 23. Ra8+ Nb8 24. Qa1 Rd6 25. Kf2 Rb6 26. Qa7 Qc4 27. Ra1
Qxc3 28. Na6 Kd7 29. Nc5+ Kd6 30. Kf3 Nc6 31. Qa3 Nxd4+ 32. Kf2 Qd2+ 33. Kg1
Nf3+ 34. Kf1 Nh2+ 35. Kg1 Qe2 36. Qa2 Nf3+ 37. Kh1 Qxa2 38. R1xa2 Rxa8 39. Rxa8
Rxb4 40. Nd3 Rb3 41. Kg2 Nxh4+ 42. Kh3 Ng6 0-1

[Event "Ì19"]
[Site "Loo"]
[Date "2017.04.27"]
[Round "8.10"]
[White "Àáåëãóçèí, Äèíàð."]
[Black "Áû÷êîâ, Âëàäèìèð."]
[Result "1-0"]
[WhiteElo "2406"]
[BlackElo "2202"]
[PlyCount "57"]
[EventDate "2017.04.20"]

1. e4 e6 2. d4 d5 3. Nd2 Nf6 4. e5 Nfd7 5. Ngf3 c5 6. c3 Nc6 7. a3 f6 8. Bb5
Qb6 9. Qe2 a6 10. Bxc6 bxc6 11. exf6 Nxf6 12. Ng5 cxd4 13. Nxe6 d3 14. Nc7+ Kf7
15. Nxa8 Qb8 16. Qxd3 Bd6 17. Nf3 Re8+ 18. Be3 Qxa8 19. O-O Bg4 20. Ng5+ Kg8
21. h3 Bh5 22. Bd4 Bg6 23. Qd2 Nh5 24. Rfe1 h6 25. Rxe8+ Qxe8 26. Re1 Qc8 27.
Ne6 c5 28. Bxg7 Nxg7 29. Qxh6 1-0

[Event "Ì19"]
[Site "Loo"]
[Date "2017.04.27"]
[Round "8.11"]
[White "Îâ÷èííèêîâ, Âñåâîëîä."]
[Black "Êðèâöîâ, Àëåêñàíäð."]
[Result "1-0"]
[WhiteElo "2319"]
[BlackElo "2206"]
[PlyCount "87"]
[EventDate "2017.04.20"]

1. d4 f5 2. Nf3 g6 3. g3 Nf6 4. Bg2 Bg7 5. O-O O-O 6. b3 d6 7. Bb2 Ne4 8. Nbd2
Nc6 9. Ne1 Nxd2 10. Qxd2 e5 11. Bd5+ Kh8 12. Bxc6 bxc6 13. dxe5 dxe5 14. Rd1
Qe7 15. Qa5 Re8 16. Nf3 f4 17. gxf4 exf4 18. Bxg7+ Qxg7 19. Qg5 Ba6 20. c4 h6
21. Qxf4 Rxe2 22. Rfe1 Rxe1+ 23. Nxe1 Re8 24. Nf3 Bc8 25. Qd4 Qxd4 26. Rxd4 Kg7
27. Kg2 c5 28. Rd5 Re7 29. Rxc5 Kf6 30. Kg3 Bf5 31. Rc6+ Kg7 32. Nd4 Bb1 33.
Ra6 h5 34. f3 c5 35. Ne6+ Kh6 36. Nxc5 Re2 37. Rxa7 Bxa2 38. h4 Bb1 39. Rc7 Ba2
40. Ne4 g5 41. hxg5+ Kg6 42. Rc6+ Kf5 43. Nc3 h4+ 44. Kxh4 1-0

[Event "Ì19"]
[Site "Loo"]
[Date "2017.04.27"]
[Round "8.12"]
[White "Ãîëüöåâ, Äìèòðèé."]
[Black "Õàð÷åíêî, Àëåêñåé."]
[Result "0-1"]
[WhiteElo "2161"]
[BlackElo "2263"]
[PlyCount "98"]
[EventDate "2017.04.20"]

1. e4 c5 2. Nf3 g6 3. d4 cxd4 4. Nxd4 Bg7 5. Nc3 Nc6 6. Be3 Nf6 7. Nxc6 bxc6 8.
e5 Ng8 9. f4 f6 10. e6 d5 11. f5 Qd6 12. Qf3 Nh6 13. O-O-O Nxf5 14. Nxd5 cxd5
15. Bb5+ Kf8 16. Bf4 Qxf4+ 17. Qxf4 Bh6 18. Qxh6+ Nxh6 19. Bc6 Rb8 20. Bxd5 Nf5
21. Rhe1 Kg7 22. g4 Nd6 23. c4 Bb7 24. b3 Rhc8 25. Rd4 a5 26. Kd2 a4 27. Re3 f5
28. gxf5 Nxf5 29. Bxb7 Rxb7 30. Rd7 Rb6 31. Rc3 axb3 32. axb3 Rd6+ 33. Rd3 Rxe6
34. Kc3 Nd6 35. Kd4 Nf5+ 36. Kc3 Kf6 37. b4 Rec6 38. c5 h5 39. Kc4 Ke6 40. Ra7
g5 41. Kb5 g4 42. Ra6 Rxa6 43. Kxa6 h4 44. Kb7 Rg8 45. b5 g3 46. hxg3 hxg3 47.
Rd1 g2 48. Rg1 Nd4 49. b6 Nf3 0-1

[Event "Ì19"]
[Site "Loo"]
[Date "2017.04.27"]
[Round "8.13"]
[White "Êëþêèí, Êèðèëë."]
[Black "Ñèí, Äåíèñ."]
[Result "1/2-1/2"]
[WhiteElo "2250"]
[BlackElo "2240"]
[PlyCount "90"]
[EventDate "2017.04.20"]

1. d4 Nf6 2. Nf3 g6 3. c4 Bg7 4. Nc3 d5 5. cxd5 Nxd5 6. Bd2 Nb6 7. Bg5 h6 8.
Bh4 c5 9. dxc5 Bxc3+ 10. bxc3 Qxd1+ 11. Rxd1 Na4 12. c4 Nc6 13. e3 Bg4 14. Rd2
Bxf3 15. gxf3 Nxc5 16. f4 Rd8 17. Bg2 f6 18. Bxc6+ bxc6 19. Rxd8+ Kxd8 20. Rg1
g5 21. fxg5 hxg5 22. Bg3 e5 23. Ke2 Ke7 24. f4 Ke6 25. fxe5 fxe5 26. Kf3 Kf5
27. Rf1 g4+ 28. Ke2+ Ke6 29. Rb1 Ne4 30. Kd3 Nxg3 31. hxg3 Rh2 32. Ke4 Rxa2 33.
Rh1 Kd6 34. Rd1+ Kc5 35. Kxe5 Rf2 36. Ra1 Rf3 37. e4 Rxg3 38. Rxa7 Rf3 39. Rg7
g3 40. Rg6 Kxc4 41. Rxc6+ Kd3 42. Rg6 Ke3 43. Kd5 Kf2 44. e5 g2 45. Rxg2+ Kxg2
1/2-1/2

[Event "Ì19"]
[Site "Loo"]
[Date "2017.04.27"]
[Round "8.14"]
[White "Ãóí÷åíêî, Âàäèì."]
[Black "Ëàïèí, Ïåòð."]
[Result "1/2-1/2"]
[WhiteElo "2292"]
[BlackElo "2188"]
[PlyCount "81"]
[EventDate "2017.04.20"]

1. d4 Nf6 2. c4 Nc6 3. Nc3 e6 4. Nf3 d5 5. Bg5 Bb4 6. e3 h6 7. Bxf6 Qxf6 8. Qb3
dxc4 9. Bxc4 O-O 10. O-O Qe7 11. a3 Bd6 12. Qc2 e5 13. d5 Nb8 14. Nb5 Bg4 15.
Nxd6 cxd6 16. Be2 Rc8 17. Qd2 Nd7 18. Rac1 Nb6 19. e4 Qd7 20. Nh4 Rxc1 21. Rxc1
Rc8 22. f3 Qd8 23. g3 Bd7 24. Ng2 Rxc1+ 25. Qxc1 Na4 26. Ne3 Qb6 27. b4 Qd4 28.
Kg2 g6 29. Nd1 Kg7 30. Qe3 Qa1 31. Qxa7 Qa2 32. Qe3 Bb5 33. Kf2 Bxe2 34. Qxe2
Qxa3 35. Qd2 b5 36. Ne3 h5 37. Nf5+ gxf5 38. Qg5+ Kf8 39. Qd8+ Kg7 40. Qg5+ Kf8
41. Qd8+ 1/2-1/2

[Event "Ì19"]
[Site "Loo"]
[Date "2017.04.27"]
[Round "8.15"]
[White "Àçèìîâ, Èëüÿñ."]
[Black "Áóö, Íèêèòà."]
[Result "1/2-1/2"]
[WhiteElo "2171"]
[BlackElo "2260"]
[PlyCount "186"]
[EventDate "2017.04.20"]

1. e4 e5 2. Nf3 Nc6 3. Bb5 a6 4. Ba4 Nf6 5. d3 b5 6. Bb3 Bc5 7. O-O d6 8. c3
O-O 9. h3 h6 10. Nbd2 Rb8 11. Re1 Ba7 12. Nf1 Na5 13. Bc2 c5 14. Ng3 Nc6 15. a4
b4 16. Be3 d5 17. cxb4 d4 18. Bd2 cxb4 19. Bb3 Re8 20. Nh4 Na5 21. Ba2 Bc5 22.
f4 b3 23. fxe5 Nd7 24. Bxa5 Qxa5 25. Bxb3 Nxe5 26. Re2 Be6 27. Bxe6 Rxe6 28.
Rf2 Reb6 29. Nf3 Bd6 30. Nf5 Bf8 31. Rc1 g6 32. N5h4 Rxb2 33. Nxe5 Qxe5 34. Qf3
Rxf2 35. Qxf2 Rb4 36. Rf1 Qe7 37. Nf3 Rxa4 38. Nxd4 Bg7 39. Nf3 Qd7 40. Qc2
Bd4+ 41. Kh1 a5 42. Nd2 Rb4 43. Nc4 a4 44. e5 Qb7 45. Qc1 Qc7 46. e6 fxe6 47.
Qxh6 Qg7 48. Qh4 Rb8 49. Qe4 Re8 50. Qc6 Qe7 51. Qxa4 Rf8 52. Re1 Qf7 53. Qc6
e5 54. Qe4 Rd8 55. Qe2 Qd5 56. Qg4 Kg7 57. Qg5 Rd7 58. Nxe5 Bxe5 59. Rxe5 Qxd3
60. Re1 Rf7 61. Qe5+ Kh7 62. Re4 Qf1+ 63. Kh2 Qf6 64. Qg3 Qf2 65. Rh4+ Kg7 66.
Qg5 Qf6 67. Qh6+ Kg8 68. Rg4 Qd6+ 69. Rg3 Rg7 70. h4 Qe5 71. Kh3 Qf5+ 72. Kh2
Qe5 73. Qg5 Qxg5 74. Rxg5 Kh7 75. Kh3 Ra7 76. Rb5 Ra4 77. g3 Rc4 78. Rb7+ Kg8
79. Kg2 Ra4 80. Re7 Kf8 81. Re3 Kf7 82. Rf3+ Kg7 83. Rf4 Rxf4 84. gxf4 Kf6 85.
Kg3 Kf5 86. Kf3 Kf6 87. Kg4 Kf7 88. Kg5 Kg7 89. h5 gxh5 90. Kxh5 Kf6 91. Kg4
Kg6 92. f5+ Kf7 93. Kf3 Kf8 1/2-1/2

[Event "Ì19"]
[Site "Loo"]
[Date "2017.04.27"]
[Round "8.16"]
[White "Èíäæèåâ, Àëäàð."]
[Black "Áîíäàðåíêî, Èâàí."]
[Result "1-0"]
[WhiteElo "2050"]
[BlackElo "2251"]
[PlyCount "63"]
[EventDate "2017.04.20"]

1. d4 e6 2. Nf3 Nf6 3. e3 c5 4. Bd3 b6 5. O-O Bb7 6. c3 d5 7. Ne5 Bd6 8. f4 O-O
9. Nd2 Nc6 10. Rf3 Ne7 11. Rh3 Ne4 12. Qh5 h6 13. g4 Qe8 14. Nxe4 dxe4 15. Bc4
Bd5 16. f5 f6 17. Bxd5 exd5 18. Ng6 Nxg6 19. fxg6 Qe6 20. Bd2 Rfd8 21. Rf1 Rac8
22. Kg2 Bf8 23. Rg3 Bd6 24. Rh3 b5 25. Qf5 Re8 26. Qxe6+ Rxe6 27. Rf5 cxd4 28.
exd4 b4 29. Rxd5 bxc3 30. Rxc3 Rxc3 31. Bxc3 Bf8 32. Rd8 1-0

[Event "Ì19"]
[Site "Loo"]
[Date "2017.04.27"]
[Round "8.18"]
[White "Êóçíåöîâ, Ôåëèêñ."]
[Black "Áåçîòå÷åñòâî, Êîíñòàíòèí."]
[Result "1-0"]
[WhiteElo "2176"]
[BlackElo "2160"]
[PlyCount "83"]
[EventDate "2017.04.20"]

1. e4 e5 2. Nf3 Nc6 3. Bc4 Bc5 4. b4 Bxb4 5. c3 Ba5 6. d4 exd4 7. O-O d6 8. Qb3
Qd7 9. cxd4 Bb6 10. Qd1 Nf6 11. Bb2 O-O 12. d5 Ne5 13. Nxe5 dxe5 14. Bxe5 Nxe4
15. Nd2 Qf5 16. Nf3 Ng5 17. Bb2 Nxf3+ 18. gxf3 Qf4 19. Qd3 Bh3 20. Kh1 Bxf1 21.
Rxf1 f6 22. Rg1 Kh8 23. Bb3 Rad8 24. Bc2 Qh6 25. Qf5 Kg8 26. Bc1 g5 27. Qe6+
Rf7 28. Rxg5+ Qxg5 29. Bxg5 fxg5 30. Bxh7+ Kg7 31. Qg6+ Kf8 32. Qg8+ Ke7 33.
Qxg5+ Rf6 34. Qg7+ Rf7 35. Qe5+ Kf8 36. Bf5 Bd4 37. Qe4 Bxf2 38. Be6 Rg7 39. h4
Bb6 40. h5 Ke7 41. h6 Rh8 42. Bh3+ 1-0

[Event "Ì19"]
[Site "Loo"]
[Date "2017.04.27"]
[Round "8.20"]
[White "Õàëòóðèí, Íèêîëàé."]
[Black "Ñïèðèäîíîâ, Åâãåíèé."]
[Result "0-1"]
[WhiteElo "1965"]
[BlackElo "2130"]
[PlyCount "147"]
[EventDate "2017.04.20"]

1. e4 e5 2. Bc4 Nf6 3. d3 Nc6 4. Nc3 Na5 5. Qf3 Nxc4 6. dxc4 Be7 7. Nge2 c6 8.
h3 d6 9. O-O Be6 10. b3 O-O 11. Ng3 Nd7 12. Rd1 Qc7 13. a4 Rfd8 14. Ba3 Bf8 15.
Rd2 g6 16. Rad1 Nc5 17. Qe3 a5 18. Bxc5 dxc5 19. Nce2 Rxd2 20. Rxd2 Rb8 21. Nc3
Rd8 22. Nge2 Rd4 23. Nb1 Rxd2 24. Qxd2 f5 25. f3 fxe4 26. fxe4 b5 27. axb5 cxb5
28. cxb5 c4 29. bxc4 Bxc4 30. Nec3 Qc5+ 31. Kh1 Bxb5 32. Nxb5 Qxb5 33. Nc3 Qf1+
34. Kh2 Kg7 35. Qd7+ Kh6 36. Qd5 Qf4+ 37. Kh1 Bb4 38. Na2 Be1 39. Qd3 Qf2 40.
Qf3 a4 41. Qxf2 Bxf2 42. g4 Bc5 43. Kg2 Kg5 44. Kg3 a3 45. Nc3 h5 46. gxh5 Kxh5
47. Na2 Bd4 48. Nb4 Bc3 49. Na2 Be1+ 50. Kg2 Kh4 51. Nc1 Bc3 52. Na2 Bd4 53.
Nc1 g5 54. Na2 g4 55. hxg4 Kxg4 56. Kf1 Kf3 57. Ke1 Kxe4 58. Ke2 Bc5 59. Nc3+
Kd4 60. Na2 Kc4 61. Kf3 Kd4 62. Ke2 e4 63. Kd2 Kc4 64. Ke2 Bb6 65. Kd2 Kd4 66.
Ke2 Ba5 67. Kf2 Bd2 68. Ke2 e3 69. Kf3 Ke5 70. Ke2 Ke4 71. c3 Ke5 72. Kd3 Kf4
73. Nb4 Kf3 74. Nc2 0-1

[Event "Ì19"]
[Site "Loo"]
[Date "2017.04.27"]
[Round "8.21"]
[White "Àëåêñååâ, Ìèõàèë."]
[Black "×åðåäíè÷åíêî, Äìèòðèé."]
[Result "0-1"]
[WhiteElo "1858"]
[BlackElo "2282"]
[PlyCount "45"]
[EventDate "2017.04.20"]

1. d4 d5 2. c4 e6 3. Nc3 c6 4. e3 Nf6 5. Nf3 Nbd7 6. cxd5 exd5 7. Bd3 Bd6 8.
O-O O-O 9. Qc2 Re8 10. e4 dxe4 11. Nxe4 Nxe4 12. Bxe4 Nf6 13. Bf5 Qa5 14. Bxc8
Raxc8 15. Bd2 Qd5 16. b3 Ne4 17. Qc4 Qh5 18. Be3 Re6 19. d5 b5 20. Qd3 cxd5 21.
Rac1 Rd8 22. Rfd1 Rg6 23. Kh1 0-1

[Event "Ì19"]
[Site "Loo"]
[Date "2017.04.27"]
[Round "8.22"]
[White "×èáóõ÷ÿí, Ýðèê."]
[Black "Êàïïóøåâ, Àõìàò."]
[Result "1/2-1/2"]
[WhiteElo "2149"]
[BlackElo "1893"]
[PlyCount "114"]
[EventDate "2017.04.20"]

1. e4 e6 2. d4 d5 3. Nd2 c5 4. exd5 Qxd5 5. Ngf3 cxd4 6. Bc4 Qd6 7. O-O Nf6 8.
Nb3 Nc6 9. Nbxd4 Nxd4 10. Nxd4 a6 11. a4 Qc7 12. b3 Be7 13. Bb2 O-O 14. Qe2 Rd8
15. Rfd1 Bd7 16. Nf3 Bc6 17. Ne5 Bd5 18. Bd3 Bc6 19. Ng4 Qf4 20. Bxf6 Bxf6 21.
g3 Qf3 22. Qxf3 Bxf3 23. Nxf6+ gxf6 24. Re1 Rd6 25. Re3 Bc6 26. f4 f5 27. Kf2
Kg7 28. h3 h5 29. Rg1 Kf6 30. g4 hxg4 31. hxg4 fxg4 32. Rxg4 Rh8 33. Reg3 Rdd8
34. Ke3 Rh2 35. Rg5 Rh4 36. Rc5 Rd5 37. Rxd5 Bxd5 38. c4 Bc6 39. a5 Rh2 40. Rg1
Rb2 41. Rb1 Rxb1 42. Bxb1 Ke7 43. Kd4 Kd6 44. b4 f6 45. Be4 Bxe4 46. Kxe4 Kc6
47. Kd4 b6 48. axb6 Kxb6 49. c5+ Kc6 50. Kc4 Kc7 51. Kd4 Kc6 52. Kc4 Kc7 53.
Kd3 Kc6 54. Kd4 Kc7 55. Kc4 Kc6 56. Kd4 Kc7 57. Kc4 Kc6 1/2-1/2

[Event "Ì19"]
[Site "Loo"]
[Date "2017.04.27"]
[Round "8.23"]
[White "Ãîðîæàíêèí, Âàäèì."]
[Black "Ðîçìàíîâ, Àëåêñàíäð."]
[Result "1/2-1/2"]
[WhiteElo "2190"]
[BlackElo "2018"]
[PlyCount "132"]
[EventDate "2017.04.20"]

1. d4 f5 2. g3 Nf6 3. Bg2 g6 4. h4 Bg7 5. h5 Nxh5 6. e4 Nf6 7. exf5 gxf5 8. Nc3
d6 9. Bg5 Nbd7 10. Qe2 h6 11. Bf4 Nf8 12. O-O-O Ng6 13. Bxb7 Bxb7 14. Qb5+ c6
15. Qxb7 Qc8 16. Qxc8+ Rxc8 17. Nh3 Kf7 18. Rhe1 Rhe8 19. Be3 Ng4 20. f4 Rc7
21. Nf2 Nxe3 22. Rxe3 e5 23. dxe5 dxe5 24. fxe5 Rxe5 25. Rf3 Ra5 26. Kb1 Rb7
27. Nfe4 Ke7 28. Nd6 Rb8 29. Re3+ Kf8 30. b3 Rd8 31. Nc4 Rxd1+ 32. Nxd1 Rd5 33.
Nc3 Rd7 34. Rf3 Ke7 35. Kb2 Ke6 36. Ka3 Ne7 37. Ne2 Nd5 38. Nf4+ Nxf4 39. Rxf4
Rd4 40. Rf3 Bf8+ 41. Kb2 Bg7 42. c3 Re4 43. Ne3 Re5 44. Kc2 h5 45. Kd3 Kf6 46.
Ng2 Kg5 47. Nh4 Kg4 48. Rf1 Bf6 49. Nf3 Rd5+ 50. Ke3 Bxc3 51. Rh1 Ba5 52. Kf2
Bd8 53. Rc1 f4 54. gxf4 Kxf4 55. Rc4+ Kf5 56. Rxc6 Bb6+ 57. Kg2 Rc5 58. Nd4+
Ke4 59. Rxc5 Bxc5 60. Nc6 Kd3 61. b4 Bb6 62. a4 Kc4 63. b5 Kc5 64. Kh3 a6 65.
bxa6 Kxc6 66. Kh4 Kc7 1/2-1/2

[Event "Ä11Ï"]
[Site "Loo"]
[Date "2017.04.28"]
[Round "9.1"]
[White "Ìóòèíà, Ñîôèÿ."]
[Black "Øåâöîâà, Äàðüÿ."]
[Result "0-1"]
[WhiteElo "1255"]
[BlackElo "1445"]
[PlyCount "96"]
[EventDate "2017.04.20"]

1. Nf3 Nf6 2. b3 g6 3. Bb2 Bg7 4. g3 d6 5. Bg2 e5 6. d3 O-O 7. O-O Ne8 8. c4 f5
9. Nfd2 Nc6 10. Nc3 Bd7 11. e3 Rb8 12. a3 a5 13. Ne2 Be6 14. d4 d5 15. dxe5
Nxe5 16. cxd5 Bxd5 17. Bxd5+ Qxd5 18. Nf4 Qf7 19. Rb1 Rd8 20. f3 c6 21. a4 Nc7
22. Qc2 Rfe8 23. e4 fxe4 24. Nxe4 Qf5 25. Bxe5 Bxe5 26. Nd3 Bd4+ 27. Kh1 Nd5
28. Qc4 Ba7 29. g4 Qf7 30. g5 Kf8 31. Ndc5 b6 32. Nd3 Ne3 33. Qc3 Nxf1 34. Qh8+
Ke7 35. Qe5+ Kd7 36. Nf6+ Kc8 37. Nxe8 Qxf3+ 38. Kg1 b5+ 39. Nc5 Bxc5+ 40. Qxc5
Rd2 41. Nd6+ Kd7 42. Qa7+ Kxd6 43. Qb8+ Kc5 44. Qe5+ Kb4 45. Qe7+ c5 46. Qe4+
Qxe4 47. Kxf1 Qe2+ 48. Kg1 Qg2# 0-1

[Event "Ä11Ï"]
[Site "Loo"]
[Date "2017.04.28"]
[Round "9.2"]
[White "Çàâèâàåâà, Ýâåëèíà."]
[Black "Êèðäÿøêèíà, Åêàòåðèíà."]
[Result "0-1"]
[WhiteElo "1326"]
[BlackElo "1198"]
[PlyCount "88"]
[EventDate "2017.04.20"]

1. d4 d5 2. Nf3 Nf6 3. c4 e6 4. Bg5 Be7 5. e3 b6 6. cxd5 exd5 7. Nc3 Bb7 8. Bd3
O-O 9. Qc2 Nbd7 10. O-O h6 11. Bh4 c5 12. Qe2 Ne4 13. Bxe7 Qxe7 14. Bxe4 dxe4
15. Nd2 Rfd8 16. Nb3 cxd4 17. exd4 Nf6 18. Rfe1 a5 19. a4 Qb4 20. Qb5 Qxb5 21.
axb5 Nd5 22. Nxe4 Nb4 23. Rad1 Bd5 24. Na1 Bc4 25. Nc3 Nd3 26. b3 Bxb5 27. Nxb5
Nxe1 28. Rxe1 Rac8 29. h3 Rd5 30. Na3 Rxd4 31. Nc4 Rb8 32. Nc2 Rd3 33. Re3 Rd1+
34. Kh2 Rc1 35. Nd4 Rd1 36. Nc6 Rb7 37. Re8+ Kh7 38. Rd8 Rc1 39. Rd6 a4 40. Rd2
axb3 41. N6e5 f6 42. Nd6 Rbc7 43. Nec4 Rc2 44. Rd1 b5 {
äàëåå çàïèñü íåðàçáîð~~èâà} 0-1